Care Bears Picture Quiz - Statistics

General Stats
  • This quiz has been taken 13 times
  • The average score is 10 of 13
Answer Stats
Picture Answer % Correct
Cheer Bear
100%
Grumpy Bear
100%
Birthday Bear
91%
Good Luck Bear
91%
Funshine Bear
82%
Tenderheart Bear
82%
Bedtime Bear
73%
Champ Bear
73%
Share Bear
73%
Wish Bear
73%
Friend Bear
64%
Secret Bear
64%
Love-A-Lot Bear
55%
No matching quizzes found
Score Distribution
Percent of People with Each Score
Percentile by Number Answered
Your Score History
You have not taken this quiz